Idioms A-Z #2 - Statistics

General Stats
  • This quiz has been taken 125 times
  • The average score is 19 of 25
Answer Stats
A-Z Hint Answer % Correct
B ...late than never Better
99%
K ... two birds with one stone Kill
99%
A She's the...of my eye Apple
97%
I He started by telling a joke to break the... Ice
97%
S I'm not good at making...talk Small
95%
J I need a skilled worker, not a...-of-all-trades Jack
94%
N His mother caught him in the... of time Nick
94%
P She was as ... as a ghost after watching the horror film Pale
92%
D I was kept in the... about the merger until the last minute Dark
91%
M It's just a... of time before he fails again Matter
90%
T The athlete decided to throw in the...and go back to college Towel
90%
C He's tired because he's been burning the ... at both ends Candle
87%
F The poor guy has a... only a mother could love Face
87%
Z Why don't you...your lips. No one wants to hear you Zip
85%
W You shouldn't let him... all over you Walk
84%
E He's a real... beaver Eager
77%
O You're ... your rocker Off
76%
H The stray bullet missed the soldier by a ... breadth." Hair's
72%
G I know you don't like it, but you must...and bear it Grin
68%
L Don't worry about Bob. He always ... on his feet Lands
67%
V Nothing..., nothing gained Ventured
42%
R The building was to left to go to rack and ... Ruin
40%
U Christopher Colombus sailed into...waters Uncharted
40%
Y The expensive mortgage became a ...around his neck Yoke
29%
Q I'm in a ... about what to do Quandary
21%
No matching quizzes found
Score Distribution
Percent of People with Each Score
Percentile by Number Answered
Your Score History
You have not taken this quiz